Normal view
MARC view
- Saloni Thopate-2K201118 & Dr. Archana Pradhan - Guide
Entry Personal Name
001 - CONTROL NUMBER
- control field: 208066
003 - CONTROL NUMBER IDENTIFIER
- control field: OSt
005 - DATE AND TIME OF LATEST TRANSACTION
- control field: 20240807151215.0
008 - FIXED-LENGTH DATA ELEMENTS
- fixed length control field: 240807|| aca||aabn | a|a d
040 ## - CATALOGING SOURCE
- Original cataloging agency: OSt
- Transcribing agency: OSt
100 ## - HEADING--PERSONAL NAME
- Personal name: Saloni Thopate-2K201118 & Dr. Archana Pradhan - Guide
670 ## - SOURCE DATA FOUND
- Source citation: Work cat.: (OSt)359286: Saloni Thopate-2K201118 & Dr. Archana Pradhan - Guide , To Study HR Outsourcing in Selected Small Scale Manufacturing Companies, March-2022